Grajske stavbe v osrednji Sloveniji. 3, Notranjska.
Saved in:
| Main Author: | |
|---|---|
| Format: | Book |
| Language: | Slovenian |
| Published: |
Ljubljana :
Viharnik,
2005-
|
| Series: | Stopar, Ivan. Zbirka Grajske stavbe ;
17-19. |
| Subjects: | |
| Tags: |
Add Tag
No Tags, Be the first to tag this record!
|
| LEADER | 01194nam a2200325 a 4500 | ||
|---|---|---|---|
| 001 | 009728131-X | ||
| 005 | 20080220140942.0 | ||
| 008 | 001207m20059999xv abe b 001|0 slv d | ||
| 020 | |a 9616057456 (knj. 1) | ||
| 020 | |a 9616057545 (knj. 1) | ||
| 020 | |a 9789616057592 (knj. 3) | ||
| 035 | 0 | |a ocn137301126 | |
| 040 | |a MH-FA |c MH-FA | ||
| 043 | |a e-xv--- | ||
| 050 | 4 | |a DR1475.N68 |b S27 2005 | |
| 100 | 1 | |a Sapač, Igor. | |
| 245 | 1 | 0 | |a Grajske stavbe v osrednji Sloveniji. |n 3, |p Notranjska. |
| 260 | |a Ljubljana : |b Viharnik, |c 2005- | ||
| 300 | |a v. : |b ill. (some col.), maps, plans ; |c 25 cm. | ||
| 490 | 1 | |a [Zbirka Grajske stavbe] ; |v 17-19 | |
| 500 | |a Series statement from jackets of [v.] 17-18. | ||
| 504 | |a Includes bibliographical references and indexes. | ||
| 505 | 1 | |a Knj. 1. Med Planino, Postojno in Senožečami -- knj. 2. Med Idrigo in Snežnikom -- knj. 3. Porecje reke Reke z Brkini. | |
| 650 | 0 | |a Castles |z Slovenia |z Notranjska. | |
| 650 | 0 | |a Manors |z Slovenia |z Notranjska. | |
| 650 | 0 | |a Monuments |z Slovenia |z Notranjska. | |
| 651 | 0 | |a Notranjsko (Slovenia) |x Description and travel. | |
| 800 | 1 | |a Stopar, Ivan. |t Zbirka Grajske stavbe ; |v 17-19. | |
| 988 | |a 20050803 | ||
| 906 | |0 MH | ||


